000 00606nam a22002057a 4500
005 20251108165534.0
008 250721s1996 xx 000 0 ara d
082 1 4 _aم/413.125/طرا
100 1 _aطراد، مجيد
245 1 0 _aقاموس الأسماء العربية الجميلة /
250 _aط2.
264 1 _aبيروت :
_bعالم الكتب،
_c1996.
300 _a149ص.
490 0 _aسلسلة المعرفة
650 1 7 _aاللغة العربية
650 1 7 _aالأسماء العربية
650 1 7 _aمعاجم المفردات
942 _2ddc
_cREF
999 _c30270
_d30270